[Event "Deutsche Ländermeisterschaft 2016"]
[Site "Hannover GER"]
[Date "2016.10.05"]
[Round "7"]
[White "Caliebe, Nanke"]
[Black "Abele, Anais"]
[Result "0-1"]
[Termination "normal"]
[Board "8.7"]
[WhiteElo "1478"]
[BlackElo "1611"]
[WhiteTeam "Bremen & Friends"]
[BlackTeam "Niedersachsen 2"]
[PlyCount "52"]
[WhiteFideId "12980528"]
[BlackFideId "16208927"]
[EventCountry "GER"]
[EventRounds "7"]
[EventType "team-swiss"]
[EventDate "2016.09.30"]

1. d4 Nf6 2. Nf3 d5 3. Bf4 c6 4. e3 Nbd7 5. h3 h6 6. Bd3 e6 7. O-O Be7 8. Nbd2
O-O 9. c4 b6 10. Rc1 c5 11. Bh2 Bb7 12. Qa4 Ne4 13. cxd5 Nxd2 14. Nxd2 Bxd5 15.
Ba6 Nb8 16. Be2 Bc6 17. Qd1 Bb7 18. Nb3 Nd7 19. Bb5 Rc8 20. dxc5 Nxc5 21. Nxc5
Bxc5 22. Qa4 a6 23. Bd7 b5 24. Bxb5 axb5 25. Qxb5 Qd5 26. Rfd1 Qxg2# 0-1

[Event "Deutsche Ländermeisterschaft 2016"]
[Site "Hannover GER"]
[Date "2016.10.05"]
[Round "7"]
[White "Schmidek, Emil"]
[Black "Müller, Max"]
[Result "1-0"]
[Termination "normal"]
[Board "9.1"]
[WhiteElo "2247"]
[BlackElo "2044"]
[WhiteTeam "Berlin"]
[BlackTeam "SG Saarland / Rheinland-Pfalz"]
[PlyCount "75"]
[WhiteFideId "12908150"]
[BlackFideId "12900486"]
[EventCountry "GER"]
[EventRounds "7"]
[EventType "team-swiss"]
[EventDate "2016.09.30"]

1. e4 c5 2. Nf3 d6 3. d4 cxd4 4. Nxd4 Nf6 5. Nc3 g6 6. Be3 Bg7 7. Bc4 O-O 8. f3
Nc6 9. Qd2 Bd7 10. O-O-O Rc8 11. Bb3 Ne5 12. Kb1 Nc4 13. Bxc4 Rxc4 14. g4 b5
15. b3 b4 16. bxc4 bxc3 17. Qxc3 Qc7 18. Bc1 Be6 19. Bb2 Rb8 20. Ka1 Rb6 21.
Rb1 Bxc4 22. Nb3 Ra6 23. Qb4 d5 24. g5 Nh5 25. Bxg7 Kxg7 26. exd5 Nf4 27. Rb2
Nxd5 28. Qd2 f6 29. gxf6+ exf6 30. Re1 Qd6 31. Re4 Ra4 32. Na5 Qc5 33. Rb7+ Nc7
34. Qd7+ Bf7 35. Qxa4 Qc3+ 36. Kb1 Nd5 37. Rxf7+ Kxf7 38. Qd7+ 1-0

[Event "Deutsche Ländermeisterschaft 2016"]
[Site "Hannover GER"]
[Date "2016.10.05"]
[Round "7"]
[White "Backens, Johannes"]
[Black "Schnabel, Bennett"]
[Result "1/2-1/2"]
[Termination "normal"]
[Board "9.2"]
[WhiteElo "1934"]
[BlackElo "1948"]
[WhiteTeam "SG Saarland / Rheinland-Pfalz"]
[BlackTeam "Berlin"]
[PlyCount "184"]
[WhiteFideId "12946389"]
[BlackFideId "12943290"]
[EventCountry "GER"]
[EventRounds "7"]
[EventType "team-swiss"]
[EventDate "2016.09.30"]

1. e4 d5 2. exd5 Qxd5 3. Nc3 Qd6 4. d4 Nf6 5. Bc4 a6 6. Bb3 Nc6 7. Nge2 e5 8.
dxe5 Qxd1+ 9. Nxd1 Nxe5 10. Bf4 Bd6 11. Ndc3 O-O 12. O-O-O Re8 13. Rhe1 Be6 14.
Nd5 Ne4 15. Nd4 Bxd5 16. Bxe5 Bxb3 17. Bxd6 Bxc2 18. Kxc2 Nxd6 19. Kb3 g6 20.
Rc1 Kg7 21. Nf3 Rxe1 22. Nxe1 Nb5 23. a4 Nd4+ 24. Ka2 Ne6 25. Nd3 Rd8 26. Nc5
Nxc5 27. Rxc5 c6 28. Rc2 Rd3 29. b3 Kf6 30. Re2 h5 31. Ka3 a5 32. Kb2 h4 33.
Kc2 Rd5 34. Re8 Rf5 35. Re2 h3 36. gxh3 Rf3 37. h4 Rh3 38. Re4 Rxh2 39. Rf4+
Ke6 40. Kd3 f5 41. Ke3 Rh3+ 42. f3 b5 43. Rd4 Ke5 44. Rd8 bxa4 45. bxa4 Rxh4
46. f4+ Ke6 47. Ra8 g5 48. fxg5 Rxa4 49. g6 Rg4 50. Ra6 Kd6 51. Rxa5 f4+ 52.
Kf3 Rxg6 53. Kxf4 Re6 54. Ra1 Kc7 55. Rc1 Rd6 56. Ke4 Rd2 57. Ke3 Rd5 58. Ke4
Kd6 59. Rh1 Kc7 60. Rc1 Rd2 61. Ke3 Rd8 62. Ke4 Kb6 63. Rb1+ Ka5 64. Ra1+ Kb4
65. Rb1+ Ka4 66. Rc1 Rd6 67. Ke5 Rd5+ 68. Ke4 Kb5 69. Rb1+ Kc5 70. Rc1+ Kd6 71.
Rh1 Re5+ 72. Kd4 c5+ 73. Kc4 Re4+ 74. Kd3 Rd4+ 75. Kc3 Rg4 76. Rh6+ Kd5 77.
Rh5+ Kc6 78. Rh3 Kb5 79. Kc2 Rc4+ 80. Kb2 Rg4 81. Kc2 Ka4 82. Kb2 Rb4+ 83. Kc2
c4 84. Rg3 Rb8 85. Rh3 Kb4 86. Rg3 Rh8 87. Rf3 Rh2+ 88. Kc1 Ra2 89. Kb1 Rd2 90.
Kc1 Rh2 91. Rg3 c3 92. Rg8 Rh1+ 1/2-1/2

[Event "Deutsche Ländermeisterschaft 2016"]
[Site "Hannover GER"]
[Date "2016.10.05"]
[Round "7"]
[White "Hesse, Henrik"]
[Black "Recktenwald, Cedric"]
[Result "1-0"]
[Termination "normal"]
[Board "9.3"]
[WhiteElo "1975"]
[BlackElo "1671"]
[WhiteTeam "Berlin"]
[BlackTeam "SG Saarland / Rheinland-Pfalz"]
[PlyCount "43"]
[WhiteFideId "12952060"]
[BlackFideId "12971928"]
[EventCountry "GER"]
[EventRounds "7"]
[EventType "team-swiss"]
[EventDate "2016.09.30"]

1. c4 e6 2. g3 d5 3. Bg2 Nf6 4. Nf3 Be7 5. O-O Nbd7 6. d4 O-O 7. Qc2 c6 8. Nbd2
b6 9. e4 dxc4 10. Nxc4 b5 11. Nce5 c5 12. Nc6 Qe8 13. Ng5 g6 14. Nh3 Kg7 15.
Nxe7 Qxe7 16. Bg5 Qe8 17. dxc5 b4 18. Qd2 Ng8 19. e5 Rb8 20. Qd6 Rb5 21. Bc6
Ra5 22. Rfd1 1-0

[Event "Deutsche Ländermeisterschaft 2016"]
[Site "Hannover GER"]
[Date "2016.10.05"]
[Round "7"]
[White "Tettmann, Ann-Kathrin"]
[Black "Rosenhain, Rachela"]
[Result "0-1"]
[Termination "normal"]
[Board "9.4"]
[WhiteElo "1789"]
[BlackElo "1843"]
[WhiteTeam "SG Saarland / Rheinland-Pfalz"]
[BlackTeam "Berlin"]
[PlyCount "80"]
[WhiteFideId "12945676"]
[BlackFideId "12957615"]
[EventCountry "GER"]
[EventRounds "7"]
[EventType "team-swiss"]
[EventDate "2016.09.30"]

1. g3 g6 2. Bg2 Bg7 3. c4 d6 4. Nc3 c6 5. e4 e5 6. Nge2 Ne7 7. O-O O-O 8. d3 f5
9. f4 Nd7 10. Be3 Nf6 11. h3 Be6 12. b3 Qd7 13. Kh2 Rad8 14. Bxa7 b5 15. fxe5
dxe5 16. Bc5 Rfe8 17. Qc2 Nh5 18. Rad1 f4 19. Rf3 fxg3+ 20. Nxg3 Nf4 21. Nge2
g5 22. Nxf4 exf4 23. Kh1 g4 24. Rxf4 Ng6 25. Rf2 g3 26. Rf3 Bxh3 27. d4 Qg4 28.
Rdd3 Nf4 29. Rxg3 Bxg2+ 30. Qxg2 Qh5+ 31. Qh2 Qxh2+ 32. Kxh2 Nxd3 33. Rxd3 b4
34. Bxb4 Rxd4 35. Rg3 Rd2+ 36. Kh3 Kh8 37. a3 Be5 38. Rf3 Rg8 39. Kh4 Rh2+ 40.
Rh3 Bg3+ 0-1

[Event "Deutsche Ländermeisterschaft 2016"]
[Site "Hannover GER"]
[Date "2016.10.05"]
[Round "7"]
[White "Denkert, Anna"]
[Black "Zimmer, Luca"]
[Result "0-1"]
[Termination "normal"]
[Board "9.5"]
[WhiteElo "1765"]
[BlackElo "1590"]
[WhiteTeam "Berlin"]
[BlackTeam "SG Saarland / Rheinland-Pfalz"]
[PlyCount "130"]
[WhiteFideId "12938122"]
[BlackFideId "12921424"]
[EventCountry "GER"]
[EventRounds "7"]
[EventType "team-swiss"]
[EventDate "2016.09.30"]

1. e4 e6 2. d4 d5 3. exd5 exd5 4. Bd3 Bd6 5. Qf3 Ne7 6. Ne2 Be6 7. Bf4 Nbc6 8.
c3 Qd7 9. Bxd6 Qxd6 10. Nd2 O-O-O 11. Nb3 Ng6 12. Nc5 Nh4 13. Qg3 Nf5 14. Qxd6
cxd6 15. Nb3 Nh4 16. O-O Bf5 17. Bxf5+ Nxf5 18. Nf4 Nfe7 19. Rfe1 g5 20. Nh5
Ng8 21. Re3 Nge7 22. Rae1 Nf5 23. Rf3 Rde8 24. Rxe8+ Rxe8 25. Kf1 Nh6 26. Nf6
Re6 27. Nxd5 Ng4 28. Rh3 h6 29. f3 Nf6 30. c4 Nd7 31. Nc3 Rg6 32. Ke2 Nb6 33.
Nd2 Nxd4+ 34. Kd3 Ne6 35. Ne2 d5 36. cxd5 Nxd5 37. g3 f5 38. Nc4 Kc7 39. a3 b5
40. Ne5 Rf6 41. Nd4 Nef4+ 42. gxf4 Nxf4+ 43. Ke3 Nxh3 44. Nxb5+ Kb7 45. Kd4 a6
46. Nd7 Rc6 47. Nc5+ Kb6 48. Nc3 Rd6+ 49. Kc4 Nf4 50. N3a4+ Kc7 51. b4 Rc6 52.
b5 axb5+ 53. Kxb5 Ne6 54. Na6+ Kb7 55. Nb4 Nc7+ 56. Ka5 Rc1 57. Nd3 Rh1 58.
Ndc5+ Ka7 59. Nb6 Rxh2 60. Ncd7 g4 61. Ne5 Ne6 62. Nc8+ Kb8 63. Nd6 g3 64. Kb6
Rb2+ 65. Nb5 Rxb5+ 0-1

[Event "Deutsche Ländermeisterschaft 2016"]
[Site "Hannover GER"]
[Date "2016.10.05"]
[Round "7"]
[White "Jeschke, Jan"]
[Black "Tham, Nam"]
[Result "1-0"]
[Termination "normal"]
[Board "9.6"]
[WhiteElo "1249"]
[BlackElo "1650"]
[WhiteTeam "SG Saarland / Rheinland-Pfalz"]
[BlackTeam "Berlin"]
[PlyCount "107"]
[WhiteFideId "16225430"]
[BlackFideId "12997331"]
[EventCountry "GER"]
[EventRounds "7"]
[EventType "team-swiss"]
[EventDate "2016.09.30"]

1. e4 e5 2. Nf3 Nc6 3. Bc4 Bc5 4. O-O d6 5. h3 Nf6 6. Nc3 a6 7. d3 Na5 8. Bb3
Nxb3 9. axb3 h6 10. Re1 O-O 11. Be3 Ba7 12. Qd2 Be6 13. Ra4 Nh7 14. Bxa7 Rxa7
15. d4 Bd7 16. Raa1 exd4 17. Qxd4 Ra8 18. e5 Bc6 19. Qg4 f5 20. Qc4+ Kh8 21. e6
Re8 22. Nd4 Be4 23. Nxe4 fxe4 24. Rad1 d5 25. Qc3 Ng5 26. Nf5 Nxe6 27. Rxe4
dxe4 28. Rxd8 Raxd8 29. Nxh6 Kh7 30. Ng4 Rd1+ 31. Kh2 Rd5 32. Qc4 Rd4 33. Qe2
Nc5 34. Nf6+ gxf6 35. Qh5+ Kg7 36. Qxe8 Rd5 37. Qe7+ Kg6 38. b4 Re5 39. Qxc7
Ne6 40. Qxb7 Nd4 41. Qxa6 Nxc2 42. b5 Nb4 43. Qa4 Nd5 44. Qb3 Nb6 45. Qe3 Nc4
46. Qg3+ Kh6 47. Qc3 Nb6 48. Qc6 Nd5 49. b6 Kg6 50. b7 Kf5 51. Qd7+ Kg6 52.
b8=Q Nf4 53. Qg8+ Kh5 54. Qdh7# 1-0

[Event "Deutsche Ländermeisterschaft 2016"]
[Site "Hannover GER"]
[Date "2016.10.05"]
[Round "7"]
[White "Schnabel, Luise"]
[Black "Fuchs, Emily"]
[Result "1-0"]
[Termination "normal"]
[Board "9.7"]
[WhiteElo "1615"]
[BlackElo "1258"]
[WhiteTeam "Berlin"]
[BlackTeam "SG Saarland / Rheinland-Pfalz"]
[PlyCount "89"]
[WhiteFideId "12943347"]
[BlackFideId "16208986"]
[EventCountry "GER"]
[EventRounds "7"]
[EventType "team-swiss"]
[EventDate "2016.09.30"]

1. e4 e5 2. Nf3 Nc6 3. Bb5 Nf6 4. d3 d6 5. c3 Bd7 6. O-O Qe7 7. Nbd2 g6 8. Re1
Bg7 9. Nf1 O-O 10. h3 h6 11. Ng3 Rfe8 12. Bd2 a6 13. Ba4 Rad8 14. Bc2 Bc8 15.
Qc1 Kh7 16. a3 d5 17. exd5 Nxd5 18. d4 Qd6 19. Ne4 Qf8 20. dxe5 Nxe5 21. Nxe5
Rxe5 22. c4 Nb6 23. Bb4 Qg8 24. Bc3 Re6 25. Bb3 Nd7 26. Qc2 Nf6 27. Nxf6+ Rxf6
28. Bxf6 Bxf6 29. Rad1 Bf5 30. Qc1 Rxd1 31. Bxd1 Qd8 32. Bc2 Be6 33. b3 b5 34.
Rd1 Qc8 35. cxb5 axb5 36. Qf4 Bb2 37. Qb4 c6 38. a4 bxa4 39. bxa4 Be5 40. Qc5
Qc7 41. a5 Bc8 42. Be4 Bb7 43. Bf3 Kg7 44. Be2 Qc8 45. Qxe5+ 1-0

[Event "Deutsche Ländermeisterschaft 2016"]
[Site "Hannover GER"]
[Date "2016.10.05"]
[Round "7"]
[White "Huppert, Anna"]
[Black "Tham, Minh"]
[Result "1/2-1/2"]
[Termination "normal"]
[Board "9.8"]
[WhiteElo "1066"]
[BlackElo "1681"]
[WhiteTeam "SG Saarland / Rheinland-Pfalz"]
[BlackTeam "Berlin"]
[PlyCount "151"]
[WhiteFideId "16214439"]
[BlackFideId "12997323"]
[EventCountry "GER"]
[EventRounds "7"]
[EventType "team-swiss"]
[EventDate "2016.09.30"]

1. e4 e5 2. Nf3 Nc6 3. Bc4 Bc5 4. O-O Nf6 5. d4 Bxd4 6. Nxd4 Nxd4 7. f4 d6 8.
fxe5 dxe5 9. c3 Bg4 10. Qd2 Nc6 11. Qxd8+ Rxd8 12. Bg5 Ke7 13. Na3 a6 14. Nc2
h6 15. Bxf6+ gxf6 16. Ne3 Be6 17. Bd5 Rhg8 18. Nf5+ Bxf5 19. Rxf5 Rg5 20. Raf1
Rxf5 21. Rxf5 Na5 22. b4 c6 23. bxa5 cxd5 24. exd5 Rxd5 25. Rh5 Rxa5 26. Rxh6
Rxa2 27. Rh4 b5 28. Rb4 Ra3 29. h4 Rxc3 30. h5 Rc5 31. h6 Kf8 32. Rg4 Rc4 33.
h7 Rxg4 34. h8=Q+ Rg8 35. Qxf6 Rg6 36. Qxe5 Re6 37. Qb8+ Ke7 38. Qc7+ Kf6 39.
Qc3+ Ke7 40. g4 Rg6 41. Qe5+ Re6 42. Qg5+ Ke8 43. Kf2 Rg6 44. Qf5 Ke7 45. Ke3
Re6+ 46. Kd4 Rd6+ 47. Kc5 Re6 48. Qg5+ Ke8 49. Qg8+ Ke7 50. Qg5+ Ke8 51. Qg8+
Ke7 52. Qg5+ Ke8 53. Kd5 Rg6 54. Qf5 Ke7 55. g5 Re6 56. Qc2 Rd6+ 57. Kc5 Re6
58. Kb4 Rg6 59. Qe4+ Re6 60. Qb7+ Ke8 61. Qc8+ Ke7 62. Qc7+ Ke8 63. Kc5 Rg6 64.
Qe5+ Re6 65. Qh8+ Ke7 66. Qh4 Rg6 67. Kd5 Rd6+ 68. Ke5 Re6+ 69. Kf5 Rg6 70.
Qb4+ Ke8 71. Qe4+ Re6 72. Qa8+ Ke7 73. Qb7+ Ke8 74. Qc8+ Ke7 75. Qc7+ Ke8 76.
Qc8+ 1/2-1/2